Statistics for Important cities in Central America

Click here to take the quiz!

General Stats

  • This quiz has been taken 16 times
    (15 since last reset)
  • The average score is 10 of 37

Answer Stats

Reason for being important Country City % Correct
CapitalEl SalvadorSan Salvador
100%
CapitalPanamaPanama City
100%
CapitalGuatemalaGuatemala City
93%
CapitalCosta RicaSan Jose
93%
CapitalBelizeBelmopan
87%
CapitalNicaraguaManagua
87%
Largest city/Former capitalBelizeBelize City
87%
CapitalHondurasTegucigalpa
80%
City at north end of Panama CanalPanamaColon
47%
2nd Largest cityHondurasSan Pedro Sula
33%
2nd Largest cityNicaraguaLeon
27%
2nd Largest city/Atlantic portCosta RicaPuerto Limon
27%
Atlantic portNicaraguaBluefields
27%
4th Largest cityPanamaDavid
20%
2nd Largest cityEl SalvadorSanta Ana
20%
5th Largest cityGuatemalaQuetzaltenango
20%
Main Atlantic portGuatemalaPuerto Barrios
13%
Major city sharing its name with a countryCosta RicaLiberia
13%
3rd Largest cityCosta RicaAlajuela
13%
4th Largest cityNicaraguaMatagalpa
13%
Largest city in Eastern part of El SalvadorEl SalvadorSan Miguel
13%
3rd Largest cityEl SalvadorSoyapango
7%
2nd Largest cityGuatemalaMixco
7%
Pacific portCosta RicaCaldera
7%
Pacific portHondurasSan Lorenzo
7%
4th Largest cityGuatemalaPetapa
0%
5th Largest cityPanamaLas Cumbres
0%
3rd Largest cityPanamaTocumen
0%
2nd Largest cityPanamaSan Miguelito
0%
Major PortEl SalvadorAcajulta
0%
Main Pacific portGuatemalaPuerto Quetzal
0%
3rd Largest cityGuatemalaVilla Nueva
0%
Pacific portNicaraguaCorinto
0%
3rd Largest cityHondurasCholoma
0%
4th Largest city/Atlantic PortHondurasLa Ceiba
0%
3rd Largest cityNicaraguaMasaya
0%
5th Largest cityHondurasEl Progreso
0%

Score Distribution

Percentile by Number Answered

Percent of People with Each Score

Your Score History

You have not taken this quiz since the last reset